000 01337nam a2200325Ia 4500
001 ebr10279435
003 CaPaEBR
006 m u
007 cr cn|||||||||
008 080703s2009 enk sb 001 0 eng d
010 _z 2008029807
020 _z9780195381573 (hardcover : alk. paper)
020 _z0195381572 (hardcover : alk. paper)
020 _z9780195381580 (pbk. : alk. paper)
020 _z0195381580 (pbk. : alk. paper)
040 _aCaPaEBR
_cCaPaEBR
035 _a(OCoLC)317495489
050 1 4 _aJZ1306
_b.B79 2009eb
100 1 _aBrysk, Alison,
_d1960-
245 1 0 _aGlobal good Samaritans
_h[electronic resource] :
_bhuman rights as foreign policy /
_cAlison Brysk.
260 _aOxford ;
_aNew York :
_bOxford University Press,
_c2009.
300 _aix, 287 p.
504 _aIncludes bibliographical references (p. 235-267) and index.
533 _aElectronic reproduction.
_bPalo Alto, Calif. :
_cebrary,
_d2009.
_nAvailable via World Wide Web.
_nAccess may be limited to ebrary affiliated libraries.
650 0 _aInternational relations
_xMoral and ethical aspects.
650 0 _aHuman rights.
655 7 _aElectronic books.
_2local
710 2 _aebrary, Inc.
856 4 0 _uhttp://site.ebrary.com/lib/rucke/Doc?id=10279435
_zAn electronic book accessible through the World Wide Web; click to view
999 _c4482
_d4482